BIOCHEMISTRY AND CLINICAL PATHOLOGY (Record no. 6163)

MARC details
000 -LEADER
fixed length control field 00436nam a22001817a 4500
005 - DATE AND TIME OF LATEST TRANSACTION
control field 20200318163929.0
008 - FIXED-LENGTH DATA ELEMENTS--GENERAL INFORMATION
fixed length control field 200318b xxu||||| |||| 00| 0 eng d
020 ## - INTERNATIONAL STANDARD BOOK NUMBER
ISBN 9788123924199
041 ## - LANGUAGE CODE
Language code of text/sound track or separate title eng
082 ## - DEWEY DECIMAL CLASSIFICATION NUMBER
Classification number 612.015
100 ## - MAIN ENTRY--AUTHOR NAME
Personal name PILLAI, K.K
245 ## - TITLE STATEMENT
Title BIOCHEMISTRY AND CLINICAL PATHOLOGY
250 ## - EDITION STATEMENT
Edition statement 1st, 2010
260 ## - PUBLICATION, DISTRIBUTION, ETC. (IMPRINT)
Place of publication NEW DELHI
Name of publisher CBS
Year of publication 2019
300 ## - PHYSICAL DESCRIPTION
Number of Pages 172;pVIII,
650 ## - SUBJECT ADDED ENTRY--TOPICAL TERM
Topical Term PHARMACY
942 ## - ADDED ENTRY ELEMENTS (KOHA)
Koha item type Books
Holdings
Lost status Damaged status Collection code Home library Current library Shelving location Date acquired Source of acquisition Cost, normal purchase price Full call number Accession Number Koha item type
Lost and Paid For   PHARMACY JRU Library   SHELF-75-D 18/03/2020 PURCHESS 250.00 612.015 23854 Books